Lola Montez (Record no. 6857)

MARC details
000 -CABECERA
campo de control de longitud fija 00580nam a2200205 a 4500
001 - NÚMERO DE CONTROL
campo de control BRCA_7176
005 - FECHA Y HORA DE LA ÚLTIMA TRANSACCIÓN
campo de control 20190320205735.0
008 - DATOS DE LONGITUD FIJA--INFORMACIÓN GENERAL
campo de control de longitud fija 130112s1912----gw-ac#####---#000-0#ger-#
041 ## - CÓDIGO DE LENGUA
Código de lengua del texto/banda sonora o título independiente ger
044 ## - CÓDIGO DEL PAÍS DE LA ENTIDAD EDITORA/PRODUCTORA
Código MARC del país gw
050 #4 - SIGNATURA TOPOGRÁFICA DE LA BIBLIOTECA DEL CONGRESO
Número de clasificación PT2623 .U93
Número de documento/Ítem L6 1912
100 1# - ENTRADA PRINCIPAL--NOMBRE DE PERSONA
Nombre de persona Lux, Joseph Aug.
Fechas asociadas al nombre 1871-1947
Forma completa/desarrollada del nombre (Joseph August)
9 (RLIN) 17793
245 10 - MENCIÓN DE TÍTULO
Título Lola Montez
Resto del título Historischer Roman
Mención de responsabilidad, etc. von Joseph Aug. Lux.
260 ## - PUBLICACIÓN, DISTRIBUCIÓN, ETC.
Lugar de publicación, distribución, etc. Berlín
Nombre del editor, distribuidor, etc. R. Bong
Fecha de publicación, distribución, etc. c1912
300 ## - DESCRIPCIÓN FÍSICA
Extensión 263 p.
Otras características físicas il., retratos
Dimensiones 21 cm.
500 ## - NOTA GENERAL
Nota general Estado físico: Encuadernación desprendida
500 ## - NOTA GENERAL
Nota general P63
902 ## - CATALOGADOR
Iniciales GFM
942 ## - ELEMENTOS DE PUNTO DE ACCESO ADICIONAL (KOHA)
Fuente del sistema de clasificación o colocación Library of Congress Classification
Tipo de ítem Koha Libros
Holdings
Estado de retiro Estado de pérdida Estado dañado No para préstamo Localización permanente Ubicación/localización actual Fecha de adquisición Número de inventario Total de préstamos Signatura topográfica completa Código de barras Fecha visto por última vez Precio válido a partir de Tipo de ítem Koha
El ejemplar forma parte de la colección y puede ser consultado según las políticas vigentes.       Biblioteca del Museo Franz Mayer (Rogerio Casas-Alatriste) Biblioteca del Museo Franz Mayer (Rogerio Casas-Alatriste) 13/01/2012 P63   PT2623 .U93 L6 1912 (P63) 7623 22/03/2019 22/03/2019 Libros